| 000 | 00412nam a2200169Ia 4500 | ||
|---|---|---|---|
| 008 | 101006t2005 xxu||||| |||| 00| 0 sin d | ||
| 041 | _asin | ||
| 080 |
_aX8S1 _bSEN |
||
| 100 | _aSeneviratne, Anura B. | ||
| 245 | _aපියස්ස | ||
| 246 | _aPiyassa | ||
| 260 |
_bPast Publishing _aColombo _c2005 |
||
| 300 | _b72p., 21 cm | ||
| 942 | _cBK | ||
| 999 |
_c75802 _d75802 |
||
| 003 | LK-CoDNM | ||
| 040 |
_aLK-CoDNM _dLK-CoDNM _eLK-CoDNM |
||